Countries that Imprison the Most Foreigners - Statistics

General Stats
  • This quiz has been taken 166 times
  • The average score is 7 of 15
Answer Stats
% of total prison population Country % Correct
72.0 Saudi Arabia
84%
92.2 United Arab Emirates
74%
74.5 Qatar
72%
52.0 Israel
69%
89.7 Monaco
51%
55.6 Liechtenstein
47%
72.3 Luxembourg
47%
40.2 Malta
39%
73.0 Switzerland
36%
53.2 Cyprus
34%
50.9 Austria
33%
42.9 Belgium
33%
58.3 Greece
33%
37.4 Estonia
18%
66.7 Gambia
2%
No matching quizzes found
Score Distribution
Percent of People with Each Score
Percentile by Number Answered
Your Score History
You have not taken this quiz